Principles of Macro Economics (Record no. 30867)

MARC details
000 -LEADER
fixed length control field 00777nam a22002297a 4500
005 - DATE AND TIME OF LATEST TRANSACTION
control field 20091009101051.0
008 - FIXED-LENGTH DATA ELEMENTS--GENERAL INFORMATION
fixed length control field 091009t xxu||||| |||| 00| 0 eng d
010 ## - LCCN (DPL NO)
LC control number ENG-95109
020 ## - INTERNATIONAL STANDARD BOOK NUMBER
International Standard Book Number 988184884203
Terms of availability 215.00
035 ## - SYSTEM CONTROL NUMBER
System control number EN-78642
037 ## - SOURCE OF ACQUISITION
Source of stock number/acquisition DBAD/PUB
040 ## - CATALOGING SOURCE
Original cataloging agency DPL
Language of cataloging ENG
082 ## - DEWEY DECIMAL CLASSIFICATION NUMBER
Classification number 339
100 ## - MAIN ENTRY--PERSONAL NAME
Personal name Misra, S. K.
245 ## - TITLE STATEMENT
Title Principles of Macro Economics
Statement of responsibility, etc by S. K. Misra [and] V. K. Puri
250 ## - EDITION STATEMENT
Edition statement 2nd ed.
260 ## - PUBLICATION, DISTRIBUTION, ETC. (IMPRINT)
Place of publication, distribution, etc Mumbai
Name of publisher, distributor, etc Himalaya Publishing House
Date of publication, distribution, etc 2009
270 ## - ADDRESS
Address Ramdoot Dr. Bhalerao Marg
City Mumbai
Postal code 400004
300 ## - PHYSICAL DESCRIPTION
Extent xiii, 352p
Dimensions 24 cm (Pbk)
942 ## - ADDED ENTRY ELEMENTS (KOHA)
Source of classification or shelving scheme Dewey Decimal Classification
Item type English Books
Call number suffix MIS
Classification part 339
Holdings
Withdrawn status Lost status Source of classification or shelving scheme Damaged status Not for loan Collection code Home library Current library Date acquired Source of acquisition Cost, normal purchase price Total Checkouts Full call number Barcode Date last seen Copy number Cost, replacement price Koha item type
    Dewey Decimal Classification   Not For Loan Non-fiction D.B.Act.Division D.B.Act.Division 09/10/2009 DBAD / PUB 215.00   339 MIS EN-78642 09/10/2009 1 215.00 English Books

© Delhi Public Library
Hit Counter
free hit counter